| 000 | 02164nam0a2200361 4500 | ||
|---|---|---|---|
| 001 | RU\NLR\BIBL_A\022285655 | ||
| 005 | 20260409063035.0 | ||
| 010 |
_a978-5-392-27168-9 _9100 |
||
| 035 | _a(NLR Aleph) 022285655 | ||
| 090 |
_a13228251 _c13228251 |
||
| 100 | _a20240729d2018 |||y0rusy50 ca | ||
| 101 | 0 | _arus | |
| 102 | _aRU | ||
| 105 | _ay j 000yy | ||
| 181 | 0 |
_ai _baxxe |
|
| 182 | 0 | _an | |
| 200 | 1 |
_aИсправительное воздействие на осужденных _eучебное пособие _fАминов И. И., кандидат юридических наук, кандидат психологических наук, доцент, Антонян, доктор юридических наук, профессор, Орлова Ю. Р., кандидат юридических наук [и др.] _gпод редакцией доктора юридических наук, профессора Е. А. Антонян |
|
| 203 |
_aТекст _bвизуальный _cнепосредственный |
||
| 210 |
_aМосква _cПроспект _d2018 |
||
| 215 |
_a140, [1] с. _d22 |
||
| 300 | _aАвт. указаны на обороте тит. с. | ||
| 320 | _aБиблиогр. в подстроч. примеч. | ||
| 606 | 1 |
_aОсужденные _jУчебные издания для высших учебных заведений _xПеревоспитание _yРоссийская Федерация _92223575 _3RU\NLR\AUTH\661335025 |
|
| 686 | 1 | _aХ628.414я73 | |
| 701 | 1 |
_7ca _8rus _aАминов _bИ. И. _gИлья Исакович _964683 _3RU\NLR\AUTH\7781755 |
|
| 701 | 1 |
_aАнтонян _bЕ. А. _f1975- _gЕлена Александровна |
|
| 701 | 1 |
_7ca _8rus _aОрлова _bЮ. Р. _cканд. юрид. наук, криминалистика _gЮлия Рудольфовна _939190 _3RU\NLR\AUTH\7756258 |
|
| 712 | 0 | 2 |
_4570 _aМосковский государственный юридический университет им. О. Е. Кутафина _9357016 _3RU\NLR\AUTH\8810235884 |
| 942 | _cBOOK | ||
| 980 | _aNB | ||